000 01150nam a22003257a 4500
003 CHAP
005 20220329135153.0
008 971013s1976 r 00010 d
010 _a32065
011 _a33037
035 _a37152
040 _cCHAP
090 _aTesis
100 0 0 _aMartínez Robledo, Fausto.
_972456
245 _aControl del perforado de la hoja del algodonero (Bucculatrix thurberiella Busck) durante el ciclo agrícola 1974-74, En el Ejido Chiapas, Baja California Norte
260 _aBuenavista, Coah. :
_bEl autor,
_c1976
300 _a37 h.
_b; gráfs
502 _aTesis (Ing. Agrónomo) -- Univ. Autónoma Agraria Antonio Narro. Div. de Agronomái
590 _aALEPH
_b10
_c20130110
_lUCH01
_h1254
590 _aBATCH-UPD
_b10
_c20130110
_lUCH01
_h1625
590 _aBATCH-UPD
_b10
_c20130410
_lUCH01
_h1019
590 _aBATCH-UPD
_b10
_c20130914
_lUCH01
_h0315
590 _aCONVERSION
_b10
_c20130109
_lUCH01
_h1318
650 1 4 _aAlgodón
_xPlagas.
_94046
650 1 4 _aBucculatrix thurberiella.
_915863
650 1 4 _aInsecticidas.
_958855
901 _aBK
942 _cTESIS
949 _bBC
_cTES
_d-85196
_eTS1
_i37152
_si
999 _c32065
_d32065